000 00625nam a22002057a 4500
005 20251108164013.0
008 250721s1992 xx 000 0 ara d
082 1 4 _a001.6424/سمو
100 1 _aدينيس، سمولارسكي
245 1 0 _aأساسيات الفورتران /
264 1 _aالقاهرة :
_bالدار الدولية للنشر،
_c1992.
300 _a160ص
490 0 _aسلسلة شومي
650 1 7 _aالحواسيب
650 1 7 _aفورتران
650 1 7 _aلغات البرمجة
700 1 _aسرور، سرور علي إبراهيم
_eترجمة
942 _2ddc
_cBK
999 _c1200
_d1200